Estadística general aplicada (Registro nro. 1262)
[ vista simple ]
| 000 -LEADER | |
|---|---|
| fixed length control field | 01508 a2200229 4500 |
| 001 - CONTROL NUMBER | |
| control field | 25017 |
| 005 - DATE AND TIME OF LATEST TRANSACTION | |
| control field | 20260407155533.0 |
| 008 - FIXED-LENGTH DATA ELEMENTS--GENERAL INFORMATION | |
| fixed length control field | 260407a1948 arg spa d |
| 003 - CONTROL NUMBER IDENTIFIER | |
| control field | AR-UNSa-BCEJYS |
| 040 ## - CATALOGING SOURCE | |
| Original cataloging agency | AR-UNSa-BCEJYS |
| Language of cataloging | spa |
| Transcribing agency | AR-UNSa-BCEJYS |
| 080 ## - UNIVERSAL DECIMAL CLASSIFICATION NUMBER | |
| Universal Decimal Classification number | 519.2 |
| Common auxiliary subdivision | Probabilidades y estadística matemática<br/> |
| 100 1# - MAIN ENTRY--PERSONAL NAME | |
| Personal name | Croxton, Frederick E. |
| 245 10 - TITLE STATEMENT | |
| Title | Estadística general aplicada |
| 264 #1 - PRODUCTION, PUBLICATION, DISTRIBUTION, MANUFACTURE, AND COPYRIGHT NOTICE | |
| Place of production, publication, distribution, manufacture | México : |
| Name of producer, publisher, distributor, manufacturer | Fondo de Cultura Económica |
| Date of production, publication, distribution, manufacture, or copyright notice | 1948 |
| 300 ## - PHYSICAL DESCRIPTION | |
| Extent | 710 p. |
| Dimensions | 22 cm. |
| 505 ## - FORMATTED CONTENTS NOTE | |
| Formatted contents note | 1. Introducción - 2. Datos estadísticos - 3. Cuadros estadísticos - 4. Representación gráfica - 5. Representación gráfica (el diagrama semilogaritmico o de razones) - 6. Representación gráfica ( Otros tipos de gráficas) - 7. Razones y porcientos - 8. La distribución de frecuencias - 9. Medidas de tendencias central - 10. Disperción y asimetria - 11. Descripción de una distribución de frecuencias por medio de una curva ajustada - 12. Exactitud e importancia de las medidas estadísticas - 13. El problema de las series cronológicas - 14. Análisis de las series cronológicas - 15. Movimientos periódicos - 16. Movimientos ciclicos - 17. Principios fundamentales de la construcción de números indices - 18. Teoría y práctica de los números indices - 19. Correlación simple - 20. Correlación de series cronológicas - Apéndice. |
| 590 ## - LOCAL NOTE (RLIN) | |
| Local note | niveau_biblio:m niveau_hierar:0 |
| 700 1# - ADDED ENTRY--PERSONAL NAME | |
| Personal name | Cowden, Dudley J. |
| 700 1# - ADDED ENTRY--PERSONAL NAME | |
| Personal name | Ortiz, Teodoro |
| 700 1# - ADDED ENTRY--PERSONAL NAME | |
| Personal name | Bravo, Manuel |
| 942 ## - ADDED ENTRY ELEMENTS (KOHA) | |
| Koha item type | |
| Withdrawn status | Lost status | Damaged status | Not for loan | Home library | Current library | Shelving location | Date acquired | Total checkouts | Full call number | Barcode | Date last seen | Price effective from | Koha item type |
|---|---|---|---|---|---|---|---|---|---|---|---|---|---|
| Biblioteca Prof. Eusebio Cleto del Rey | Biblioteca Prof. Eusebio Cleto del Rey | 07/04/2026 | 519.2 C937 | L20581 | 07/04/2026 | 07/04/2026 | Libro | ||||||
| Biblioteca Prof. Eusebio Cleto del Rey | Biblioteca Prof. Eusebio Cleto del Rey | 07/04/2026 | 519.2 C937 | L20580 | 07/04/2026 | 07/04/2026 | Libro | ||||||
| Biblioteca Prof. Eusebio Cleto del Rey | Biblioteca Prof. Eusebio Cleto del Rey | 07/04/2026 | 519.2 C937 | L20579 | 07/04/2026 | 07/04/2026 | Libro |